| 000 | 00542nam a2200217Ia 4500 | ||
|---|---|---|---|
| 008 | 170918s9999 xx 000 0 und d | ||
| 020 | _a9780545027274 | ||
| 050 | _bP639 1999 | ||
| 100 | _aPilkey, Dav | ||
| 245 | _aCaptain underpants : | ||
| 245 | _band the attack of the talking toilets / | ||
| 245 | _cby Dav Pilkey. | ||
| 260 | _aNew York : | ||
| 260 | _bBlue Sky Press, | ||
| 260 | _c1999 | ||
| 300 | _a136 pages : | ||
| 300 | _bcolor illustrations ; | ||
| 300 | _c21cm. | ||
| 300 | _eCaptain underpants. | ||
| 500 | _a780 | ||
| 999 |
_c343770 _d343770 |
||